000
00297nam a2200097Ia 4500
082
_a
327.17470955 OTTO
245
0
_a
Under a mushroom cloud : Europe, Iran and the bomb
100
_a
Ottolenghi, Emanuele London, [c.2009]
_9
75914
942
_c
BK
008
210817s9999 xx 000 0 und d
999
_c
254755
_d
254754